| 000 | 01065cam a2200277 a 4500 | ||
|---|---|---|---|
| 001 | 11769319 | ||
| 005 | 20230222125854.0 | ||
| 008 | 990809s2000 enk b 001 0 eng | ||
| 010 | _a 99043662 | ||
| 020 | _a052148006X | ||
| 035 | _a(DLC) 99043662 | ||
| 040 |
_aDLC _cDLC _dDLC |
||
| 043 | _af-ke--- | ||
| 050 | 0 | 0 | _aPR 9381.9 .N45Z67 2000 |
| 100 | 1 | _aGikandi, Simon. | |
| 245 | 1 | 0 |
_aNgugi wa Thiong'o / _cSimon Gikandi. |
| 260 |
_aCambridge, UK ; _aNew York : _bCambridge University Press, _c2000. |
||
| 300 |
_axii, 328 p. ; _c23 cm. |
||
| 440 | 0 | _aCambridge studies in African and Caribbean literature | |
| 504 | _aIncludes bibliographical references (p. 317-324) and index. | ||
| 600 | 0 | 0 |
_aNgũgĩ wa Thiongʾo, _d1938- _xCriticism and interpretation. |
| 651 | 0 |
_aKenya _xIn literature. |
|
| 856 | 4 | 1 |
_3Table of contents _uhttp://www.loc.gov/catdir/toc/cam024/99043662.html |
| 856 | 4 | 2 |
_3Publisher description _uhttp://www.loc.gov/catdir/description/cam0210/99043662.html |
| 942 |
_2lcc _cAFRICANA _hPR 9381.9 .N45Z67 2000 |
||
| 999 |
_c31530 _d31530 |
||